| 000 -LEADER |
| fixed length control field |
00375nam a22001337a 4500 |
| 008 - FIXED-LENGTH DATA ELEMENTS--GENERAL INFORMATION |
| fixed length control field |
170413b xxu||||| |||| 00| | tur d |
| 022 ## - INTERNATIONAL STANDARD SERIAL NUMBER |
| International Standard Serial Number |
1300-154X |
| 050 ## - LIBRARY OF CONGRESS CALL NUMBER |
| Classification number |
DR432 |
| 100 ## - MAIN ENTRY--PERSONAL NAME |
| 9 (RLIN) |
215 |
| Personal name |
Nazar Büyüm |
| 245 ## - TITLE STATEMENT |
| Title |
Adam Sanat |
| 260 ## - PUBLICATION, DISTRIBUTION, ETC. |
| Place of publication, distribution, etc. |
İstanbul |
| Name of publisher, distributor, etc. |
Adam Yayıncılık |
| 500 ## - GENERAL NOTE |
| General note |
Yayın Yönetmeni ve Sorumlu Yazı İşleri Müdürü: Turgay Fişekçi |
| 942 ## - ADDED ENTRY ELEMENTS (KOHA) |
| Source of classification or shelving scheme |
|
| Koha item type |
Continuing Resources |
| Serial record |
1 |